01105 2200205 4500001002100000005001500021035002000036008004100056245003400097100002200131250000600153260003800159300001200197084001400209082000800223650001000231520063400241990001200875990001200887INLIS00000000000132820240520104250 a0010-0524000563240520 1 ind 1 aBoulevard /cAryanto Yuniawan aYuniawan, Aryanto a1 aYogyakarta :bSheila/ Andi,c2007 a214 hlm a813 ARY b a813 4aFiksi aMasih muda, ganteng - meski tidak terlalu, dan memiliki pekerjaan yang mapan, tidak lantas membuat Darwis mudah memiliki kekasih. Baginya, punya seseorang yang dicintai adalah suatu impian. Di boulevard, segalanya dimulai ... Adalah Reva, yang akhirnya membuat impian itu terwujud. Belum lagi berkembang, cinta itu pupus sudah. Tapi benih cinta itu tak benar-benar mati. Bersama Nayla, Darwis menemukan kembali cintanya yang hilang. Sampai kemudian, Reva hadir. Menawarkan cintanya. Keduanya cantik, cerdas, berasal dari keluarga kaya. Keduanya mengguratkan kisah di hati Darwis. Akankah Darwis memilih? Bukan perkara yang mudah. a0741498 a0741499